|
|
|
|
| LEADER |
00000cam a2200000 a 4500 |
| 001 |
vtls008827087 |
| 003 |
SK-MaSNL |
| 005 |
20260301124143.0 |
| 008 |
240314s2006 xr l f f 001 0 cze |
| 020 |
|
|
|a 8073571757
|q (brož.)
|
| 040 |
|
|
|a SNK
|b slo
|c SNK
|e AACR2
|
| 041 |
0 |
|
|a cze
|
| 044 |
|
|
|a xr
|c CZ
|
| 072 |
|
7 |
|a 005.91/.92
|x Kancelária
|2 konspekt
|
| 080 |
|
|
|a 005.91
|2 2001
|
| 080 |
|
|
|a (035)
|2 2001
|
| 100 |
1 |
|
|a Šťastný, Václav,
|d 1958-
|4 aut
|9 472141
|
| 245 |
1 |
0 |
|a Office manager/asistentka 2006-2007
|b průvodce vedením kanceláře
|c [autorský kolektív: Václav Šťastný, Margerita Vysokajová, Jaroslav Jakubka]
|
| 260 |
|
|
|a Praha
|b Aspi
|c c2006
|
| 300 |
|
|
|a xix, 296 s.
|b formuláre, ilustr., tab.
|c 24 cm
|
| 490 |
1 |
|
|a Meritum. Segment
|
| 500 |
|
|
|a Výklad je spracovaný k právnemu stavu ku dňu 1.4.2006
|
| 504 |
|
|
|a Obsahuje bibliogr. odkazy
|
| 650 |
0 |
7 |
|a administratíva
|2 SNKPH
|9 642
|
| 650 |
0 |
7 |
|a Office management
|2 SNKPHeng
|9 107503
|
| 655 |
|
7 |
|a príručky
|2 SNKPH
|9 74364
|
| 655 |
|
7 |
|a Handbooks, manuals, etc.
|2 SNKPHeng
|9 90964
|
| 700 |
1 |
|
|a Vysokajová, Margerita,
|d 1954-
|4 aut
|9 472142
|
| 700 |
1 |
|
|a Jakubka, Jaroslav,
|d 1948-
|4 aut
|9 472143
|
| 830 |
|
0 |
|a Meritum. Segment
|9 472144
|
| 919 |
|
|
|a 80-7357-175-7
|
| 999 |
|
|
|c 738632
|d 740562
|
| 952 |
|
|
|a SNK
|b SNK
|y VYP
|7 0
|p 17A0549592
|o snkIC 134861
|i snk2007/10730
|8 4
|g 17.36
|0 0
|1 0
|4 0
|d 2007-04-12
|l 0
|r 2026-02-23 22:51:36
|w 2026-02-23
|